000 00195nam a2200085 4500
001 1255697
005 20251211134554.0
245 _aTELEFON MELEFON YOK
_cŞERMİN YAŞAR
260 _bKRONİK YAYINLARI
999 _c1255697
_d1255697